Permanences et ruptures dans le monde rural. Du Moyen Âge à l’époque contemporaine. Actes du douzième colloque tenu à Saint-Christophe-en-Brionnais, les 12 et 13 octobre 2002, Association Bourguignonne des Sociétés Savantes, Centre International d’Étude des Patrimoines culturels en Charolais-Brionnais, Dijon, Saint-Christophe-en-Brionnais, 2004, 226 p. (notice n° 1628584)
[ vue normale ]
| 000 -LEADER | |
|---|---|
| fixed length control field | 01859cam a2200169 4500500 |
| 005 - DATE AND TIME OF LATEST TRANSACTION | |
| control field | 20260111094319.0 |
| 041 ## - LANGUAGE CODE | |
| Language code of text/sound track or separate title | fre |
| 042 ## - AUTHENTICATION CODE | |
| Authentication code | dc |
| 100 10 - MAIN ENTRY--PERSONAL NAME | |
| Personal name | Delleaux, Fulgence |
| Relator term | author |
| 245 00 - TITLE STATEMENT | |
| Title | Permanences et ruptures dans le monde rural. Du Moyen Âge à l’époque contemporaine. Actes du douzième colloque tenu à Saint-Christophe-en-Brionnais, les 12 et 13 octobre 2002, Association Bourguignonne des Sociétés Savantes, Centre International d’Étude des Patrimoines culturels en Charolais-Brionnais, Dijon, Saint-Christophe-en-Brionnais, 2004, 226 p. |
| 260 ## - PUBLICATION, DISTRIBUTION, ETC. | |
| Date of publication, distribution, etc. | 2005.<br/> |
| 500 ## - GENERAL NOTE | |
| General note | 77 |
| 520 ## - SUMMARY, ETC. | |
| Summary, etc. | RésuméAttestés du Moyen Âge au début du xixe siècle dans le Midi, les contrats de gasaille ne diffèrent guère des baux à cheptel tels qu’on peut les rencontrer dans d’autres régions de France. Généralement d’un bon rapport, ces contrats portent surtout sur les ovins mais peuvent également concerner les animaux de trait et de labour. Les textes édités ici ont été choisis pour donner un aperçu aussi représentatif que possible des gasailles conclues dans les pays d’Aude. |
| 520 ## - SUMMARY, ETC. | |
| Summary, etc. | Present in the South of France from the Middle Ages till the xixth Century, the type of contract called gasailles was not very different from other leases of livestock which existed in others areas in France. Generally profitable, these contracts essentially concerned ovine livestock, but they could also refer to draught or ploughing animals. The records which we are editing today have been selected to give a representative sample of the contracts called gasailles in the French département of Aude. |
| 786 0# - DATA SOURCE ENTRY | |
| Note | Histoire & Sociétés Rurales | 23 | 1 | 2005-03-01 | p. 219l-298l | 1254-728X |
| 856 41 - ELECTRONIC LOCATION AND ACCESS | |
| Uniform Resource Identifier | <a href="https://shs.cairn.info/revue-histoire-et-societes-rurales-2005-1-page-219l?lang=fr&redirect-ssocas=7080">https://shs.cairn.info/revue-histoire-et-societes-rurales-2005-1-page-219l?lang=fr&redirect-ssocas=7080</a> |
Pas d'exemplaire disponible.




Réseaux sociaux